Ján Korenko: Janko Slamka

Bibliographic Details
Main Author: Spišiaková, Jana (Author)
Format: Article
Language:Slovak
Subjects:

MARC

LEADER 00000nab a2200000 a 4500
001 vtls000188839
003 SK-MaSNL
005 20260302205633.0
008 140912c19831984xo 0 slo
015 |a SNBRB19rr/mm-uuuuu 
035 |a CL0198952 
040 |a SNKBUCL  |b slo  |c SNKBUCL  |e AACR2 
041 0 |a slo 
044 |a xo  |c SK 
080 |a 82.09:885.4-3(087.5)(048)  |2 1981 
080 |a 885.4-3(087.5)(048)  |2 1981 
100 1 |a Spišiaková, Jana  |4 aut  |9 782916 
245 1 0 |a Ján Korenko: Janko Slamka  |c Jana Spišiaková 
500 |a V rubrike Detská literatúra 
650 0 7 |a autorské rozprávky  |2 snkbucl  |9 31369 
650 0 7 |a publikácie pre deti  |2 snkbucl  |9 249868 
655 7 |a recenzie  |2 snkbucl  |9 21907 
655 7 |a články z odboru literárna veda a krásna literatúra  |2 snkbucl  |9 770045 
655 7 |a články z novín a časopisov  |2 snkbucl  |9 267496 
773 0 |t Predškolská výchova  |g Roč. 38, č. 9 (1983/1984), s. 31 
787 0 8 |i Rec.:  |a Korenko, Ján  |t Janko Slamka  |d Bratislava : Mladé letá, 1983 
850 |a Slovenská národná knižnica v Martine  |a MTA001 
852 |a SNK  |b KIS3GCP 
958 |a RK 
958 |a BX 
958 |a LX 
992 |a RBX 
999 |c 1478692  |d 1480622